00939cam a2200241 a 450000100060000000300080000600500170001400800410003103500190007204000270009104100080011808200270012610000330015324500660018626000580025230000530031050400510036361000530041465000590046794200120052699900170053895201420055540706BD-RjUL20211209053252.0160509s1964 njua b 001 0 eng  a(BD-RjUL)40821 aDLCcDLCdBD-RjULbeng aeng00a354.6668223bZOO 19641 aZolberg, Aristide R.912524210aOne-party government in the Ivory Coast /cZolberg Aristide R aPrinceton, N.J. :bPrinceton University Press,c1964. axiv, 374 p. :b3 maps, diagr., tables. ;c23 cm. aIncludes Bibliography: [p. 343-360] and index.20aParti démocratique de Côte d'Ivoire.9126167 aCote IvoryxPolitics and governmenty1960-19939125244 2ddccBK c40706d40706 00102ddc40708NFICaRUCLbRUCLcStackd1967-03-28ePak Americang37.50l0o354.6668 ZOO 1964r2016-05-09 00:00:00tC-2w2016-05-09yBK